| 000 | 00000nam##2200000za#4500 |
| 001 | 9.576275 |
| 003 | CaOODSP |
| 005 | 20210624185049 |
| 007 | cr ||||||||||| |
| 008 | 150406|1981||||xxc|||||o f|0| 0 eng|d |
| 040 | |aCaOODSP|beng |
| 043 | |an-cn--- |
| 086 | 1 |aFs97-13/262E-PDF |
| 110 | 1 |aCanada. |bDepartment of Fisheries and Oceans. |
| 245 | 10|aResults of spiny dogfish (Squalus acanthias) tagging in the Strait of Georgia in 1979 / |h[electronic resource]|cby R.J. Beamish ... [et al.]. |
| 260 | |aNanaimo - British Columbia : |bFisheries and Oceans Canada |c1981. |
| 300 | |a77p.|bfigs., tables |
| 490 | 1 |aCanadian data report of fisheries and aquatic sciences|vNo. 262 |
| 500 | |aOn t.p.: Pacific Biological Station, Nanaimo, British Columbia. Catalogue number of the print edition appears in the PDF version. |
| 546 | |a(Résumé en français) |
| 590 | |a13-09-Supp|b2013-04-04 |
| 830 | #0|aCanadian data report of fisheries and aquatic sciences ;|vNo. 262|w(CaOODSP)9.505124 |
| 856 | 40|ahttp://publications.gc.ca|qPDF|s17,177 KB|uhttps://publications.gc.ca/collections/collection_2013/mpo-dfo/Fs97-13-262-eng.pdf|yNo. 262 |